Voices of war : (ระเบียนเลขที่ 46412)
| 000 -LEADER | |
|---|---|
| fixed length control field | 00474nam a22001697a 4500 |
| 003 - CONTROL NUMBER IDENTIFIER | |
| control field | NALT |
| 005 - DATE AND TIME OF LATEST TRANSACTION | |
| control field | 20220209143657.0 |
| 008 - FIXED-LENGTH DATA ELEMENTS--GENERAL INFORMATION | |
| fixed length control field | s2004 th ||||| |||| 00| 0 tha d |
| 020 ## - INTERNATIONAL STANDARD BOOK NUMBER | |
| International Standard Book Number | 0792242041 |
| 040 ## - CATALOGING SOURCE | |
| Original cataloging agency | NALT |
| 100 0# - MAIN ENTRY--PERSONAL NAME | |
| Personal name | Wiener, Tom |
| 245 00 - TITLE STATEMENT | |
| Title | Voices of war : |
| Remainder of title | stories of service from the home front and the front lines / |
| Statement of responsibility, etc. | Edited by Tom Wiener. |
| 260 ## - PUBLICATION, DISTRIBUTION, ETC. | |
| Name of publisher, distributor, etc. | National grographic, |
| Date of publication, distribution, etc. | 2004 |
| 700 1# - ADDED ENTRY--PERSONAL NAME | |
| 9 (RLIN) | 56657 |
| Personal name | Wiener, Tom. |
| 850 ## - HOLDING INSTITUTION | |
| Holding institution | NALT |
| 942 ## - ADDED ENTRY ELEMENTS (KOHA) | |
| Koha item type | General Book |
| Source of classification or shelving scheme | Library of Congress Classification |
| 998 ## - STAFF NAME (NALT) | |
| -- | 109 |
| -- | อารีรัตน์ วิชาช่าง |
| Withdrawn status | Lost status | Damaged status | Not for loan | Collection code | Home library | Current library | Total Checkouts | Full call number | Barcode | Date last seen | Price effective from | Koha item type |
|---|---|---|---|---|---|---|---|---|---|---|---|---|
| General Book collection | National Assembly Library of Thailand | National Assembly Library of Thailand | 3961157448 | 09/06/2017 | 09/06/2017 | General Book |
